[Event "2. Bundesliga West 2017/18"]
[Site "Kufstein; NMS II, Sporthalle Fischergries"]
[Date "2018.01.12"]
[Round "6"]
[Board "6"]
[White "Poettinger, Harald"]
[Black "Schiestl, Josef"]
[Result "0-1"]
[WhiteElo "2198"]
[BlackElo "2125"]
[PlyCount "60"]
[EventDate "2017.10.13"]
[EventType "team"]
[EventRounds "11"]
[EventCountry "AUT"]
[WhiteTeam "Bregenz"]
[BlackTeam "Zillertal"]

1. d4 Nf6 2. Bf4 g6 3. e3 Bg7 4. Nf3 O-O 5. h3 d6 6. c4 c5 7. Nc3 cxd4 8. exd4
d5 9. Rc1 Nc6 10. a3 Re8 11. Be2 dxc4 12. Bxc4 Nxd4 13. O-O Be6 14. Bb5 Nxb5
15. Nxb5 Nd5 16. Be5 Bxe5 17. Nxe5 Qb6 18. a4 Rac8 19. Qf3 a6 20. Na3 Qxb2 21.
Nac4 Qd4 22. Rfd1 Qf4 23. Qb3 Nf6 24. a5 Ne4 25. Nd3 Qg5 26. f4 Qd5 27. Nde5
Qc5+ 28. Kh2 f6 29. Qxb7 fxe5 30. Qxe4 Bxc4  0-1

[Event "2. Bundesliga West 2017/18"]
[Site "Kufstein; NMS II, Sporthalle Fischergries"]
[Date "2018.01.12"]
[Round "6"]
[Board "1"]
[White "Fedorovsky, Michael"]
[Black "Baldauf, Marco"]
[Result "1/2-1/2"]
[WhiteElo "2478"]
[BlackElo "2478"]
[PlyCount "60"]
[EventDate "2017.10.13"]
[EventType "team"]
[EventRounds "11"]
[EventCountry "AUT"]
[WhiteTeam "Jenbach 2"]
[BlackTeam "Hohenems II"]

1. d4 Nf6 2. c4 e6 3. Nf3 d5 4. g3 dxc4 5. Bg2 c6 6. O-O b5 7. a4 Bb7 8. Ne5 a6
9. b3 cxb3 10. Qxb3 Qxd4 11. Bb2 Qb4 12. Qc2 Qc5 13. Qd2 Qb6 14. Rd1 h6 15. Bd4
Qc7 16. axb5 axb5 17. Rxa8 Bxa8 18. Qa2 Bb7 19. Qa7 Be7 20. Rc1 Qc8 21. Nc3 O-O
22. Nxb5 Nfd7 23. Qa1 Bf6 24. Na7 Qc7 25. Naxc6 Nxc6 26. Nxc6 Bxc6 27. Rxc6 Qb8
28. Rc1 Rc8 29. Rxc8+ Qxc8 30. Bxf6 Nxf6  1/2-1/2

[Event "2. Bundesliga West 2017/18"]
[Site "Kufstein; NMS II, Sporthalle Fischergries"]
[Date "2018.01.12"]
[Round "6"]
[Board "2"]
[White "Berchtenbreiter, Maximilian"]
[Black "Reich, Thomas"]
[Result "1-0"]
[WhiteElo "2377"]
[BlackElo "2365"]
[PlyCount "88"]
[EventDate "2017.10.13"]
[EventType "team"]
[EventRounds "11"]
[EventCountry "AUT"]
[WhiteTeam "Hohenems II"]
[BlackTeam "Jenbach 2"]

1. e4 c5 2. Nf3 g6 3. c3 Bg7 4. d4 cxd4 5. cxd4 d5 6. e5 Bg4 7. Bb5+ Nd7 8. O-O
e6 9. Nbd2 Ne7 10. Re1 O-O 11. h3 Bxf3 12. Nxf3 a6 13. Bf1 Nb8 14. Bf4 Nbc6 15.
Re3 Nf5 16. Rb3 b5 17. Qd2 Qb6 18. Rd3 f6 19. Re1 fxe5 20. dxe5 Nd8 21. Rc3 Nf7
22. Rec1 Qd8 23. Rc6 Re8 24. Kh1 Ra7 25. b3 Rd7 26. Rxa6 Qb8 27. g4 Ne7 28.
Rxe6 g5 29. Bg3 d4 30. Bd3 Qa8 31. Qe2 Qd8 32. Rb6 Ng6 33. Rxb5 Qa8 34. Kg1
Rde7 35. Rcc5 Kh8 36. Ra5 Qb8 37. e6 Qb6 38. Bf5 Nf4 39. Bxf4 gxf4 40. Qa6 Qxa6
41. Rxa6 Nd8 42. Rc8 Nb7 43. Raa8 Nd6 44. Rxe8+ Nxe8  1-0

[Event "2. Bundesliga West 2017/18"]
[Site "Kufstein; NMS II, Sporthalle Fischergries"]
[Date "2018.01.12"]
[Round "6"]
[Board "3"]
[White "Hoellrigl, Wilfried"]
[Black "Burschowsky, Matthias"]
[Result "0-1"]
[WhiteElo "2204"]
[BlackElo "2191"]
[PlyCount "70"]
[EventDate "2017.10.13"]
[EventType "team"]
[EventRounds "11"]
[EventCountry "AUT"]
[WhiteTeam "Jenbach 2"]
[BlackTeam "Hohenems II"]

1. e4 c5 2. Nf3 g6 3. Bc4 Bg7 4. O-O Nc6 5. a4 e6 6. Nc3 Nge7 7. Re1 d6 8. d3
O-O 9. Bg5 h6 10. Bd2 b6 11. Qc1 Kh7 12. h4 Nd4 13. Nxd4 cxd4 14. Ne2 d5 15.
Bb3 dxe4 16. dxe4 Bb7 17. Nf4 Ng8 18. g3 Nf6 19. f3 Qc7 20. Kf2 e5 21. Nd3 Nd7
22. Bb4 Nc5 23. Qd2 f5 24. Bxc5 bxc5 25. Bd5 Bxd5 26. exd5 e4 27. Qf4 Qb6 28.
Ne5 Qxb2 29. Rac1 Rad8 30. Nc4 Qc3 31. Nd6 Rxd6 32. Qxd6 Qxf3+ 33. Kg1 f4 34.
Qe7 Qxg3+ 35. Kh1 f3  0-1

[Event "2. Bundesliga West 2017/18"]
[Site "Kufstein; NMS II, Sporthalle Fischergries"]
[Date "2018.01.12"]
[Round "6"]
[Board "4"]
[White "Heinrici, Simon"]
[Black "Fuchs, Georg"]
[Result "0-1"]
[WhiteElo "2099"]
[BlackElo "2156"]
[PlyCount "30"]
[EventDate "2017.10.13"]
[EventType "team"]
[EventRounds "11"]
[EventCountry "AUT"]
[WhiteTeam "Hohenems II"]
[BlackTeam "Jenbach 2"]

1. e4 e5 2. Nf3 Nf6 3. Nxe5 d6 4. Nf3 Nxe4 5. d4 d5 6. Bd3 Bd6 7. O-O O-O 8.
Re1 f5 9. c4 c6 10. cxd5 cxd5 11. Nc3 Nc6 12. Qb3 Kh8 13. Kf1 Be6 14. Qxb7 Nb4
15. Bb1 Bc8  0-1

[Event "2. Bundesliga West 2017/18"]
[Site "Kufstein; NMS II, Sporthalle Fischergries"]
[Date "2018.01.12"]
[Round "6"]
[Board "5"]
[White "Heinrich, Thomas"]
[Black "Jedlicka, Robert"]
[Result "1/2-1/2"]
[WhiteElo "2148"]
[BlackElo "2057"]
[PlyCount "80"]
[EventDate "2017.10.13"]
[EventType "team"]
[EventRounds "11"]
[EventCountry "AUT"]
[WhiteTeam "Jenbach 2"]
[BlackTeam "Hohenems II"]

1. d4 Nf6 2. c4 e6 3. g3 d5 4. Bg2 c6 5. Nf3 Bd6 6. O-O O-O 7. b3 Nbd7 8. Nc3
Re8 9. Qc2 a6 10. e4 Nxe4 11. Nxe4 dxe4 12. Qxe4 Qa5 13. Bb2 Ba3 14. Bxa3 Qxa3
15. Ne5 Nf6 16. Qf4 Rd8 17. Rfd1 Qf8 18. c5 Bd7 19. Nc4 Nd5 20. Qd2 Qe7 21. Nd6
Be8 22. Re1 h6 23. Re2 Qc7 24. Rae1 Bd7 25. f4 Ne7 26. g4 Nc8 27. Nc4 Rb8 28.
Qe3 b5 29. Ne5 Be8 30. f5 exf5 31. gxf5 Ne7 32. Qf2 Nd5 33. Bxd5 Rxd5 34. f6 g6
35. Qh4 Kh7 36. Nf3 Qd7 37. Re7 Qf5 38. Rxe8 Qxf3 39. Rf1 Qxf1+ 40. Kxf1 Rxe8
 1/2-1/2

[Event "2. Bundesliga West 2017/18"]
[Site "Kufstein; NMS II, Sporthalle Fischergries"]
[Date "2018.01.12"]
[Round "6"]
[Board "6"]
[White "Kuntner, Reinhard"]
[Black "Czoeppan, Thomas"]
[Result "1/2-1/2"]
[WhiteElo "1926"]
[BlackElo "2079"]
[PlyCount "60"]
[EventDate "2017.10.13"]
[EventType "team"]
[EventRounds "11"]
[EventCountry "AUT"]
[WhiteTeam "Hohenems II"]
[BlackTeam "Jenbach 2"]

1. d4 Nf6 2. c4 e6 3. g3 d5 4. Bg2 Bb4+ 5. Bd2 Be7 6. Nf3 O-O 7. O-O c6 8. Qc2
Ne4 9. Be3 Nd7 10. Nc3 f5 11. Rad1 Kh8 12. Ne5 Bf6 13. Nxd7 Bxd7 14. f3 Nxc3
15. Qxc3 Qe7 16. Qd3 Be8 17. Bf4 Bf7 18. cxd5 exd5 19. Rfe1 Bg6 20. Qe3 Rfe8
21. Qxe7 Rxe7 22. Bc1 Rae8 23. Kf2 h6 24. b4 Ra8 25. a4 a5 26. b5 cxb5 27. axb5
b6 28. Bf4 Rd8 29. e3 Be8 30. Rc1 Re6  1/2-1/2

[Event "2. Bundesliga West 2017/18"]
[Site "Kufstein; NMS II, Sporthalle Fischergries"]
[Date "2018.01.12"]
[Round "6"]
[Board "1"]
[White "Riediger, Martin"]
[Black "Novkovic, Milan"]
[Result "1-0"]
[WhiteElo "2288"]
[BlackElo "2362"]
[PlyCount "105"]
[EventDate "2017.10.13"]
[EventType "team"]
[EventRounds "11"]
[EventCountry "AUT"]
[WhiteTeam "Ranshofen"]
[BlackTeam "Dornbirn"]

1. d4 Nf6 2. Bf4 e6 3. Nf3 c5 4. c3 d5 5. e3 Nc6 6. Nbd2 Bd6 7. Bg3 O-O 8. Bd3
b6 9. e4 dxe4 10. Nxe4 Nxe4 11. Bxe4 Bb7 12. dxc5 Bxc5 13. Qa4 Na5 14. Rd1 Qc8
15. Bxb7 Nxb7 16. Rd7 Qe8 17. Ne5 Bd6 18. Qg4 Rb8 19. O-O h5 20. Qg5 h4 21. Bf4
Nc5 22. Rxd6 Ne4 23. Qxh4 Nxd6 24. Ng6 fxg6 25. Bxd6 Qd8 26. Qg3 Rc8 27. Bxf8
Kxf8 28. Qxg6 Qd5 29. f4 Rd8 30. h4 Qc5+ 31. Kh2 Qf5 32. Qg3 Rd2 33. Rf2 Rd3
34. Rf3 Rd2 35. Rf2 Rd3 36. Qg5 Kf7 37. Re2 Qxg5 38. hxg5 b5 39. g3 a6 40. Kh3
e5 41. Rxe5 Rd2 42. b4 Rxa2 43. Rc5 g6 44. Rc7+ Kf8 45. Kg4 a5 46. Rb7 axb4 47.
cxb4 Rb2 48. Rxb5 Rb3 49. Rb8+ Kg7 50. Rb7+ Kf8 51. f5 gxf5+ 52. Kf4 Kg8 53. g6
 1-0

[Event "2. Bundesliga West 2017/18"]
[Site "Kufstein; NMS II, Sporthalle Fischergries"]
[Date "2018.01.12"]
[Round "6"]
[Board "2"]
[White "Szakolczai, Peter"]
[Black "Knechtel, Roland"]
[Result "1-0"]
[WhiteElo "2222"]
[BlackElo "2245"]
[PlyCount "119"]
[EventDate "2017.10.13"]
[EventType "team"]
[EventRounds "11"]
[EventCountry "AUT"]
[WhiteTeam "Dornbirn"]
[BlackTeam "Ranshofen"]

1. e4 c6 2. c4 d5 3. exd5 cxd5 4. cxd5 Qxd5 5. Nc3 Qa5 6. Nf3 Nf6 7. d4 e6 8.
Bd3 Be7 9. O-O Nc6 10. Bd2 O-O 11. a3 a6 12. Re1 Qd8 13. Bg5 h6 14. Bh4 b5 15.
Rc1 Bb7 16. Bb1 Qd6 17. Bxf6 Bxf6 18. Ne4 Qf4 19. g3 Qg4 20. Nxf6+ gxf6 21. Re4
Qg7 22. Rh4 Rfd8 23. h3 f5 24. Qd2 Ne7 25. Rc3 Ng6 26. Rxh6 Bxf3 27. Rxf3 Rxd4
28. Rd3 Rxd3 29. Bxd3 Rd8 30. Rxg6 fxg6 31. Qe2 Qd7 32. Bc2 Qd5 33. Qe3 Rd6 34.
Bb3 Qd3 35. Bxe6+ Kf8 36. Qh6+ Ke7 37. Ba2 Qe4 38. Qg7+ Kd8 39. Qh8+ Qe8 40.
Qc3 Qc6 41. Qh8+ Kc7 42. Qe5 Kb7 43. Bb3 a5 44. a4 bxa4 45. Bxa4 Qd5 46. Qe7+
Kb6 47. Qe8 Ka7 48. Qe7+ Ka6 49. Qc7 Re6 50. Qc8+ Ka7 51. Qc7+ Ka6 52. Qc8+ Kb6
53. Qb8+ Qb7 54. Qd8+ Ka6 55. Qd3+ Ka7 56. Qd4+ Kb8 57. Qd8+ Qc8 58. Qxa5 Qc1+
59. Kg2 Kb7 60. Qd5+  1-0

[Event "2. Bundesliga West 2017/18"]
[Site "Kufstein; NMS II, Sporthalle Fischergries"]
[Date "2018.01.12"]
[Round "6"]
[Board "3"]
[White "Ager, Josef"]
[Black "Leutwyler, Martin"]
[Result "1/2-1/2"]
[WhiteElo "2109"]
[BlackElo "2200"]
[PlyCount "118"]
[EventDate "2017.10.13"]
[EventType "team"]
[EventRounds "11"]
[EventCountry "AUT"]
[WhiteTeam "Ranshofen"]
[BlackTeam "Dornbirn"]

1. Nf3 d5 2. g3 c6 3. Bg2 Bg4 4. c4 e6 5. O-O Nf6 6. d4 Nbd7 7. Qc2 Be7 8. Bf4
O-O 9. Nbd2 Bf5 10. Qb3 Qb6 11. Rfc1 Ne4 12. c5 Nxd2 13. Nxd2 Qxb3 14. Nxb3 g5
15. Bd2 e5 16. dxe5 Nxe5 17. Bc3 Nd7 18. Nd4 Bg6 19. b4 a6 20. Re1 Nf6 21. f3
Rfd8 22. Bh3 Nd7 23. f4 gxf4 24. gxf4 Bf6 25. Bg4 Be4 26. h3 Nf8 27. Kh2 Ng6
28. Rf1 Re8 29. Rac1 Bg7 30. Nb3 Nh4 31. Bxg7 Kxg7 32. Nd4 Kf6 33. Rc3 Rg8 34.
Rg3 Bf5 35. Rfg1 Rae8 36. a4 Re4 37. e3 Rge8 38. b5 axb5 39. axb5 cxb5 40. Nxb5
Rxe3 41. Nd6 R8e7 42. Rxe3 Rxe3 43. Rg3 d4 44. Rxe3 dxe3 45. Be2 Bd7 46. Nxb7
Nf5 47. Bd3 Nd4 48. Kg3 h5 49. h4 Bc6 50. Na5 Bd5 51. Nc4 e2 52. Kf2 e1=Q+ 53.
Kxe1 Nf3+ 54. Kf2 Nxh4 55. Ne3 Bc6 56. Be2 Nf5 57. Bxh5 Nd4 58. Nc4 Ne6 59. Ne5
Nxf4  1/2-1/2

[Event "2. Bundesliga West 2017/18"]
[Site "Kufstein; NMS II, Sporthalle Fischergries"]
[Date "2018.01.12"]
[Round "6"]
[Board "4"]
[White "Klocker, Benedikt"]
[Black "Brehovsky, Paul"]
[Result "1-0"]
[WhiteElo "2174"]
[BlackElo "2133"]
[PlyCount "99"]
[EventDate "2017.10.13"]
[EventType "team"]
[EventRounds "11"]
[EventCountry "AUT"]
[WhiteTeam "Dornbirn"]
[BlackTeam "Ranshofen"]

1. d4 e6 2. Nf3 Nf6 3. g3 d5 4. c4 dxc4 5. Bg2 Bd7 6. O-O Bc6 7. a4 a6 8. Nc3
Bb4 9. Qc2 O-O 10. Bg5 Bxc3 11. Qxc3 Ne4 12. Bxd8 Nxc3 13. bxc3 Rxd8 14. Ne5
Bxg2 15. Kxg2 Nc6 16. Nxc4 b5 17. axb5 axb5 18. Nb2 Rxa1 19. Rxa1 b4 20. cxb4
Nxd4 21. e3 Nc2 22. Rc1 Nxb4 23. Rxc7 Nd5 24. Rb7 f6 25. Na4 Rd6 26. e4 Ra6 27.
exd5 Rxa4 28. dxe6 Kf8 29. f4 f5 30. Rf7+ Kg8 31. Rxf5 g6 32. e7 Ra8 33. Rf8+
Rxf8 34. exf8=Q+ Kxf8 35. g4 Kf7 36. Kf3 Ke6 37. Ke4 h5 38. gxh5 gxh5 39. h4
Kf6 40. f5 Kf7 41. Ke5 Ke7 42. f6+ Kf7 43. Kf5 Kf8 44. Kg6 Kg8 45. Kxh5 Kf7 46.
Kg5 Kg8 47. Kg6 Kh8 48. h5 Kg8 49. f7+ Kf8 50. h6  1-0

[Event "2. Bundesliga West 2017/18"]
[Site "Kufstein; NMS II, Sporthalle Fischergries"]
[Date "2018.01.12"]
[Round "6"]
[Board "5"]
[White "Kuecher, Wolfgang"]
[Black "Klings, Peter"]
[Result "1/2-1/2"]
[WhiteElo "2123"]
[BlackElo "2160"]
[PlyCount "59"]
[EventDate "2017.10.13"]
[EventType "team"]
[EventRounds "11"]
[EventCountry "AUT"]
[WhiteTeam "Ranshofen"]
[BlackTeam "Dornbirn"]

1. c4 c5 2. g3 Nc6 3. Bg2 g6 4. Nc3 Bg7 5. a3 d6 6. Rb1 Bf5 7. d3 Qc8 8. Bd2
Nf6 9. b4 O-O 10. b5 Nd8 11. e4 Bd7 12. f4 e5 13. Nf3 Bg4 14. h3 Bxf3 15. Qxf3
Ne6 16. O-O exf4 17. gxf4 Nd4 18. Qf2 Re8 19. Kh1 Nh5 20. Nd5 Nc2 21. Rfc1 Nd4
22. Bc3 Qd8 23. Bf3 Nf6 24. Bxd4 cxd4 25. Nxf6+ Bxf6 26. Bg2 Re7 27. Rf1 Rc8
28. Qg3 Rc5 29. Rb2 Rd7 30. Re2  1/2-1/2

[Event "2. Bundesliga West 2017/18"]
[Site "Kufstein; NMS II, Sporthalle Fischergries"]
[Date "2018.01.12"]
[Round "6"]
[Board "6"]
[White "Novkovic, Julia"]
[Black "Doppelhammer, Herbert"]
[Result "1-0"]
[WhiteElo "2111"]
[BlackElo "2017"]
[PlyCount "117"]
[EventDate "2017.10.13"]
[EventType "team"]
[EventRounds "11"]
[EventCountry "AUT"]
[WhiteTeam "Dornbirn"]
[BlackTeam "Ranshofen"]

1. e4 e6 2. d4 d5 3. Nd2 dxe4 4. Nxe4 Bd7 5. Nf3 Bc6 6. Neg5 Nd7 7. Bd3 h6 8.
Ne4 Ngf6 9. Ned2 Bxf3 10. Qxf3 c6 11. O-O Be7 12. Nc4 Nb6 13. Be3 Nxc4 14. Bxc4
O-O 15. Rad1 Qa5 16. Rfe1 Rfd8 17. c3 Qh5 18. Qxh5 Nxh5 19. f4 Bd6 20. Rf1 Nf6
21. g3 Nd5 22. Rf3 Nxe3 23. Rxe3 b5 24. Bd3 a6 25. Be4 Rac8 26. Kg2 g6 27. Kf3
h5 28. h3 Kg7 29. Re2 Bb8 30. b4 Ba7 31. Red2 Bb6 32. g4 hxg4+ 33. hxg4 f5 34.
Bc2 fxg4+ 35. Kxg4 Rh8 36. Re2 Rcf8 37. Rxe6 Rf6 38. Rde1 Rhf8 39. Re7+ R8f7
40. Rxf7+ Kxf7 41. Bb3+ Kf8 42. Be6 Bc7 43. Re4 a5 44. a3 axb4 45. axb4 Bd8 46.
Bd7 Be7 47. Re6 Rxe6 48. Bxe6 Ke8 49. Bb3 Kd7 50. Bf7 Kd6 51. Bxg6 Kd5 52. Bd3
Bf6 53. Kh5 c5 54. dxc5 Bxc3 55. Bxb5 Bxb4 56. c6 Ba5 57. Kg6 Ke6 58. f5+ Ke7
59. f6+  1-0

[Event "2. Bundesliga West 2017/18"]
[Site "Kufstein; NMS II, Sporthalle Fischergries"]
[Date "2018.01.12"]
[Round "6"]
[Board "1"]
[White "Kindermann, Stefan"]
[Black "Gretz, Denis"]
[Result "1-0"]
[WhiteElo "2502"]
[BlackElo "2309"]
[PlyCount "49"]
[EventDate "2017.10.13"]
[EventType "team"]
[EventRounds "11"]
[EventCountry "AUT"]
[WhiteTeam "Sparkasse Neumarkt"]
[BlackTeam "Goetzis 2"]

1. e4 c5 2. d3 Nc6 3. f4 d5 4. Be2 Nd4 5. Nf3 Nxe2 6. Qxe2 g6 7. exd5 Qxd5 8.
Nc3 Qd8 9. Qe5 Nf6 10. Qxc5 Bg7 11. O-O O-O 12. Bd2 b6 13. Qf2 Ng4 14. Qe2 Bb7
15. Rae1 Re8 16. Nd1 Qc7 17. c4 Bc6 18. Ng5 Bd7 19. h3 Nh6 20. Bc3 e5 21. fxe5
f6 22. Ne4 fxe5 23. Ne3 Kh8 24. Nd5 Qc6 25. Nef6  1-0

[Event "2. Bundesliga West 2017/18"]
[Site "Kufstein; NMS II, Sporthalle Fischergries"]
[Date "2018.01.12"]
[Round "6"]
[Board "2"]
[White "Anistratov, Dmitrij"]
[Black "Sulava, Nenad"]
[Result "0-1"]
[WhiteElo "2274"]
[BlackElo "2452"]
[PlyCount "78"]
[EventDate "2017.10.13"]
[EventType "team"]
[EventRounds "11"]
[EventCountry "AUT"]
[WhiteTeam "Goetzis 2"]
[BlackTeam "Sparkasse Neumarkt"]

1. Nf3 d5 2. g3 Nc6 3. Bg2 e5 4. d3 f5 5. O-O Nf6 6. c4 dxc4 7. Qa4 Bd6 8. Qxc4
Qe7 9. Nc3 Be6 10. Qa4 O-O 11. Bg5 Kh8 12. d4 e4 13. Nh4 Nd8 14. f3 e3 15. Qc2
f4 16. gxf4 Nf7 17. Nf5 Bxf5 18. Qxf5 Nxg5 19. fxg5 Nh5 20. Qg4 g6 21. Nd5 Qg7
22. Rfd1 Rae8 23. Rd3 c6 24. Nf6 Nxf6 25. gxf6 Rxf6 26. Bh3 Qh6 27. Kg2 Rf5 28.
Kf1 Ref8 29. Ke1 Rg5 30. Qe6 Rg1+ 31. Bf1 Bb4+ 32. Kd1 Rxf1+ 33. Kc2 Rxa1 34.
a3 Bd2 35. d5 Qf4 36. d6 Rc1+ 37. Kb3 Qf7 38. Qxf7 Rxf7 39. d7 Ba5  0-1

[Event "2. Bundesliga West 2017/18"]
[Site "Kufstein; NMS II, Sporthalle Fischergries"]
[Date "2018.01.12"]
[Round "6"]
[Board "3"]
[White "Manakov, Ilya"]
[Black "De Visser, Leon"]
[Result "0-1"]
[WhiteElo "2376"]
[BlackElo "2199"]
[PlyCount "86"]
[EventDate "2017.10.13"]
[EventType "team"]
[EventRounds "11"]
[EventCountry "AUT"]
[WhiteTeam "Sparkasse Neumarkt"]
[BlackTeam "Goetzis 2"]

1. d4 d5 2. c4 c6 3. cxd5 cxd5 4. Nc3 Nf6 5. Bf4 Nc6 6. e3 a6 7. Bd3 Bg4 8.
Nge2 e6 9. Qb3 Bxe2 10. Bxe2 Na5 11. Qc2 Bd6 12. Bg5 O-O 13. O-O Rc8 14. Rac1
Be7 15. Bd3 h6 16. Bh4 Nc4 17. Qe2 b5 18. Nb1 Qa5 19. a3 Rc7 20. b3 Nd6 21. f3
Rfc8 22. Qb2 Nh5 23. Bf2 f5 24. Nd2 Rc3 25. Bb1 Nf6 26. Nc4 R3xc4 27. bxc4 Nxc4
28. Qe2 Bxa3 29. Rcd1 Nb2 30. Rd2 Na4 31. Rd3 Nc3 32. Qd2 b4 33. Bc2 Qb5 34. h3
Qc4 35. Be1 Nfe4 36. fxe4 Nxe4 37. Bb3 Nxd2 38. Bxc4 Nxc4 39. g4 fxg4 40. hxg4
a5 41. Bh4 Rb8 42. Rb1 a4 43. Be1 Bb2  0-1

[Event "2. Bundesliga West 2017/18"]
[Site "Kufstein; NMS II, Sporthalle Fischergries"]
[Date "2018.01.12"]
[Round "6"]
[Board "4"]
[White "Mueller, Philipp"]
[Black "Wuppinger, Manfred"]
[Result "1/2-1/2"]
[WhiteElo "2220"]
[BlackElo "2066"]
[PlyCount "73"]
[EventDate "2017.10.13"]
[EventType "team"]
[EventRounds "11"]
[EventCountry "AUT"]
[WhiteTeam "Goetzis 2"]
[BlackTeam "Sparkasse Neumarkt"]

1. Nf3 Nf6 2. c4 c5 3. Nc3 g6 4. e4 Bg7 5. d4 cxd4 6. Nxd4 d6 7. Be2 O-O 8. O-O
Nbd7 9. Be3 Nc5 10. f3 Ne6 11. Nb3 b6 12. Rc1 Bb7 13. Qd2 Nd7 14. Nd5 Ndc5 15.
Nd4 Nxd4 16. Bxd4 Bxd4+ 17. Qxd4 e5 18. Qe3 Ne6 19. Rcd1 Bxd5 20. cxd5 Nd4 21.
Rc1 Qd7 22. b3 Rac8 23. Ba6 Rc5 24. Rxc5 bxc5 25. Rc1 Rb8 26. Bd3 Kg7 27. f4 f6
28. f5 g5 29. Qd2 Qd8 30. Rc4 a5 31. Kf1 Rb4 32. Qd1 Qb8 33. h4 Rxc4 34. Bxc4
Qb4 35. hxg5 fxg5 36. a4 Qc3 37. Qe1  1/2-1/2

[Event "2. Bundesliga West 2017/18"]
[Site "Kufstein; NMS II, Sporthalle Fischergries"]
[Date "2018.01.12"]
[Round "6"]
[Board "5"]
[White "Egger, Martin"]
[Black "Mittelberger, Peter"]
[Result "1/2-1/2"]
[WhiteElo "2065"]
[BlackElo "2180"]
[PlyCount "65"]
[EventDate "2017.10.13"]
[EventType "team"]
[EventRounds "11"]
[EventCountry "AUT"]
[WhiteTeam "Sparkasse Neumarkt"]
[BlackTeam "Goetzis 2"]

1. e4 g6 2. d4 Bg7 3. Be3 d6 4. Nc3 a6 5. Nf3 b5 6. Bd3 Bb7 7. O-O Nd7 8. a3 c5
9. dxc5 Nxc5 10. Bd4 e5 11. Be3 Qc7 12. Bxb5+ Kf8 13. Bd3 Nf6 14. Bxc5 Qxc5 15.
Nd2 Bh6 16. Nb3 Qc7 17. Qe2 Kg7 18. a4 Rhe8 19. Rfd1 a5 20. Bb5 Red8 21. Rd3
Kg8 22. Rad1 Bf8 23. Nd5 Bxd5 24. exd5 Nh5 25. g3 f5 26. Rc3 Qe7 27. Rc6 Qg5
28. Kf1 f4 29. Rc7 Nf6 30. Qf3 Bg7 31. gxf4 exf4 32. Bc6 Rab8 33. Nd4  1/2-1/2

[Event "2. Bundesliga West 2017/18"]
[Site "Kufstein; NMS II, Sporthalle Fischergries"]
[Date "2018.01.12"]
[Round "6"]
[Board "6"]
[White "Ferk, Martin"]
[Black "Baier, Patrick"]
[Result "1/2-1/2"]
[WhiteElo "1906"]
[BlackElo "2024"]
[PlyCount "94"]
[EventDate "2017.10.13"]
[EventType "team"]
[EventRounds "11"]
[EventCountry "AUT"]
[WhiteTeam "Goetzis 2"]
[BlackTeam "Sparkasse Neumarkt"]

1. d4 d5 2. c4 e6 3. Nc3 c6 4. cxd5 exd5 5. Nf3 Nf6 6. Bf4 Nbd7 7. e3 Be7 8.
Bd3 O-O 9. h3 Re8 10. O-O Bf8 11. Qc2 Qe7 12. Ne5 g6 13. Rac1 Nxe5 14. Bxe5 Nd7
15. Bf4 Nf6 16. Be5 Bh6 17. Na4 Ne4 18. Nc5 f6 19. Bh2 Bf5 20. Bxe4 Bxe4 21.
Nxe4 Qxe4 22. Qxe4 Rxe4 23. Rc3 Rae8 24. Ra3 a6 25. Rb3 R8e7 26. Bd6 Rd7 27.
Bb4 f5 28. g3 Kf7 29. h4 Ke8 30. Rd1 Bg7 31. Rdd3 Kd8 32. Ba5+ Kc8 33. Bb6 Bf6
34. Rdc3 h6 35. Bc5 Re8 36. Rc1 g5 37. hxg5 hxg5 38. Kg2 Rh7 39. Rh1 Reh8 40.
Rxh7 Rxh7 41. Rd3 Kd7 42. Rb3 Kc8 43. Bb6 Kd7 44. Bc5 Ke6 45. Bb6 Rf7 46. Bc5
Bg7 47. f4 Bf6  1/2-1/2

[Event "2. Bundesliga West 2017/18"]
[Site "Kufstein; NMS II, Sporthalle Fischergries"]
[Date "2018.01.13"]
[Round "7"]
[Board "1"]
[White "Bertagnolli, Alexander"]
[Black "Doskocil, Klaus"]
[Result "1-0"]
[WhiteElo "2372"]
[BlackElo "2239"]
[PlyCount "81"]
[EventDate "2017.10.13"]
[EventType "team"]
[EventRounds "11"]
[EventCountry "AUT"]
[WhiteTeam "Kufstein/Woergl"]
[BlackTeam "Pradl"]

1. e4 c5 2. Nf3 Nc6 3. d4 cxd4 4. Nxd4 Nf6 5. Nc3 e5 6. Ndb5 d6 7. Bg5 a6 8.
Na3 b5 9. Bxf6 gxf6 10. Nd5 Bg7 11. Bd3 Ne7 12. Nxe7 Qxe7 13. O-O O-O 14. c4 b4
15. Nc2 a5 16. Ne3 Be6 17. Qh5 Rac8 18. Rae1 Rc5 19. Nd5 Qd7 20. Re3 Kh8 21.
Rg3 Rg8 22. f4 Qd8 23. f5 Bxd5 24. exd5 Qe7 25. Re1 Rcc8 26. Re4 h6 27. Rh4 Qf8
28. Bc2 Kh7 29. Ba4 Rc7 30. Bc6 Rc8 31. Kf1 Rb8 32. Bb5 Rc8 33. Kf2 Rc7 34. Ba4
Rc8 35. Bd1 Rb8 36. Bf3 Rc8 37. Rhg4 Rb8 38. Rxg7+ Rxg7 39. Qxh6+ Kg8 40. Rh3
Rxg2+ 41. Bxg2  1-0

[Event "2. Bundesliga West 2017/18"]
[Site "Kufstein; NMS II, Sporthalle Fischergries"]
[Date "2018.01.13"]
[Round "7"]
[Board "2"]
[White "Meier, Alexander"]
[Black "Koepke, Christian"]
[Result "1/2-1/2"]
[WhiteElo "2210"]
[BlackElo "2290"]
[PlyCount "63"]
[EventDate "2017.10.13"]
[EventType "team"]
[EventRounds "11"]
[EventCountry "AUT"]
[WhiteTeam "Pradl"]
[BlackTeam "Kufstein/Woergl"]

1. e4 c5 2. Nc3 g6 3. f4 Bg7 4. Nf3 Nc6 5. Bb5 Nd4 6. O-O a6 7. Bd3 d6 8. Nxd4
cxd4 9. Ne2 Nf6 10. c3 dxc3 11. dxc3 O-O 12. Qe1 Nd7 13. Bc2 Nc5 14. b4 Nd7 15.
Be3 a5 16. b5 Nc5 17. f5 b6 18. Bd4 e5 19. Bxc5 dxc5 20. a4 Qg5 21. Rd1 Bb7 22.
Qg3 Qxg3 23. Nxg3 Rad8 24. fxg6 hxg6 25. Bb3 c4 26. Rxd8 Rxd8 27. Bxc4 Rd7 28.
Rf3 Bh6 29. Rd3 Rxd3 30. Bxd3 Bd2 31. Ne2 Kf8 32. Kf2  1/2-1/2

[Event "2. Bundesliga West 2017/18"]
[Site "Kufstein; NMS II, Sporthalle Fischergries"]
[Date "2018.01.13"]
[Round "7"]
[Board "3"]
[White "Rusche, Johannes"]
[Black "Everett, Elijah"]
[Result "0-1"]
[WhiteElo "2282"]
[BlackElo "2190"]
[PlyCount "80"]
[EventDate "2017.10.13"]
[EventType "team"]
[EventRounds "11"]
[EventCountry "AUT"]
[WhiteTeam "Kufstein/Woergl"]
[BlackTeam "Pradl"]

1. e4 c5 2. c3 Nf6 3. e5 Nd5 4. Nf3 e6 5. Bc4 Nc6 6. d4 cxd4 7. cxd4 d6 8. O-O
Be7 9. Re1 O-O 10. exd6 Qxd6 11. Nc3 b6 12. Bxd5 exd5 13. Ne5 Bb7 14. Bf4 Nxe5
15. Bxe5 Qd7 16. Qb3 Rfc8 17. Rad1 Rc4 18. a3 Rac8 19. h3 Bc6 20. Rd3 f6 21.
Bg3 Bf8 22. Qd1 Bb7 23. Rde3 b5 24. Ne2 b4 25. b3 Rc2 26. a4 g5 27. Bh2 Ba6 28.
Ng3 Rc1 29. Qf3 Rxe1+ 30. Rxe1 Rc6 31. Nh5 Qf7 32. g4 Bc8 33. Re3 f5 34. gxf5
Bxf5 35. Be5 Be7 36. Kh2 Be4 37. Qxf7+ Kxf7 38. Ng3 Bc2 39. Ne2 Bd1 40. Kg3 Rc2
 0-1